Entraîneurs de Ligue 1 (2021-2022) - Statistiques

Statistiques générales
  • Ce quiz a été pris 526 fois
  • Le résultat moyen est 13 sur 20
Statistiques - réponses
Club Entraîneur Nationalité % Correct
Paris Saint-Germain Mauricio Pochettino Argentine
93%
OGC Nice Christophe Galtier Français
91%
Olympique de Marseille Jorge Sampaoli Argentine
90%
Stade Rennais FC Bruno Genesio Français
82%
RC Lens Franck Haise Français
76%
LOSC Lille Jocelyn Gourvennec Français
73%
Stade Brestois 29 Michel Der Zakarian Arménie
73%
Olympique Lyonnais Peter Bosz Pays-Bas
72%
FC Nantes Antoine Kombouaré Français
71%
RC Strasbourg Alsace Julien Stéphan Français
70%
AS Monaco Niko Kovac Croatie
69%
FC Metz Frédéric Antonetti Français
59%
AS Saint-Étienne Claude Puel Français
58%
Clermont Foot 63 Pascal Gastien Français
54%
Stade de Reims Oscar Garcia Espagne
51%
Montpellier MHSC Olivier Dall'Oglio Français
46%
Girondins de Bordeaux Vladimir Petkovic Suisse
42%
Angers SCO Gérald Baticle Français
40%
ESTAC Troyes Laurent Battles Français
39%
FC Lorient Christophe Pélissier Français
35%
Aucun quiz correspondant
Distribution des résultats
% des personnes avec chaque résultat
Percentile par nombre de réponses
Votre historique - résultats
Vous n’avez pas pris ce quiz